| 000 | 01684nam2a2200373 4500 | ||
|---|---|---|---|
| 001 | rc\2636657 | ||
| 005 | 20260406093401.0 | ||
| 035 | _a(NLR Aleph) 006944921 | ||
| 090 |
_a13560453 _c13560453 |
||
| 100 | _a20110601d1932 u y0rusy50 ca | ||
| 101 | 0 | _arus | |
| 102 | _aRU | ||
| 105 | _aa z ||||| | ||
| 200 | 1 |
_aАвстрия. Бельгия. Германия. Голландия. Дания. Испания. Италия. Норвегия. Франция. Швейцария. Швеция _fАнтонов, В., Дигернес, И., Кемпер, М., Лукьянов, С., Мази, К., Минлос, Б., Гигаттен, Фр., Розенфельд, М., Турок, В., Шафир, Я., Штейнбергер, Н. |
|
| 210 | _d1932 | ||
| 215 |
_aОбл., [3], 352 с. _cграф. |
||
| 461 | 0 |
_1001rc\2636656 _12001#$aАграрный кризис$e[Сборник статей]$vКн. 2 _95189250 _cМосква _d1932 _nизд-во и тип. МАИ _o[Сборник статей] _tАграрный кризис _vКн. 2 |
|
| 701 | 1 |
_aАнтонов _bВ. |
|
| 701 | 1 |
_aДигернес _bИ. |
|
| 701 | 1 |
_aКемпер _bМ. |
|
| 701 | 1 |
_aЛукьянов _bС. |
|
| 701 | 1 |
_aМази _bК. |
|
| 701 | 1 |
_aМинлос _bБ. |
|
| 701 | 1 |
_aГигаттен _bФр. |
|
| 701 | 1 |
_aРозенфельд _bМ. |
|
| 701 | 1 |
_7ca _8rus _aТурок-Попов _bВ. М. _f1904-1981 _gВладимир Михайлович _3RU\NLR\AUTH\770285100 _92679991 |
|
| 701 | 1 |
_aШафир _bЯ. |
|
| 701 | 1 |
_aШтейнбергер _bН. |
|
| 801 | 0 |
_aRU _bNLR _gpsbo |
|
| 801 | 1 |
_aRU _bELAR _2rusmarc |
|
| 852 |
_aNLR _j31-17/288(2) |
||
| 942 | _cUNSPEC | ||
| 980 | _aNB | ||